[Event "Malakhatko Memorial op"]
[Site "Chess.com INT"]
[Date "2023.06.14"]
[Round "10"]
[White "Korol, Dimitry"]
[Black "Polishchuk, Oleg"]
[Result "0-1"]
[WhiteElo "2287"]
[BlackElo "2070"]
[PlyCount "96"]
[EventDate "2023.06.14"]
[EventType "swiss (blitz)"]
[EventRounds "11"]
[EventCountry "USA"]
[SourceTitle "CBM 214 Extra"]
[Source "ChessBase"]
[SourceDate "2023.07.31"]
[SourceVersion "1"]
[SourceVersionDate "2023.07.31"]
[SourceQuality "1"]

1. d4 d5 2. c4 e6 3. Nc3 c6 4. e3 f5 5. f4 Nf6 6. Nf3 Bd6 7. Be2 0-0 8. 0-0 Nbd7 9. Ne5 Ne4 10. Nxe4 fxe4 11. Bd2 Nxe5 12. fxe5 Rxf1+ 13. Bxf1 Be7 14. Qb3 Bg5 15. Be2 Bd7 16. Rf1 h6 17. g3 Qb6 18. h4 Be7 19. Kg2 Qa6 20. Rf2 Qb6 21. Rf1 Bf8 22. Rf2 Qxb3 23. axb3 a5 24. Rf1 Bb4 25. Bc3 b5 26. Ra1 Rb8 27. cxd5 exd5 28. Bxb4 axb4 29. Ra7 Rd8 30. Bh5 Kf8 31. Bg6 Bg4 32. Rf7+ Kg8 33. Rc7 Bd7 34. g4 Kf8 35. Kg3 Ke7 36. Bf5 Ke8 37. e6 Bc8 38. Rxg7 c5 39. Rh7 cxd4 40. exd4 Bb7 41. Rxb7 Rd6 42. Kf4 Kf8 43. Ke5 Rb6 44. Bg6 Rxb7 45. Kxd5 e3 46. Bd3 Rg7 47. Kd6 Rxg4 48. e7+ Kf7 0-1

[Event "Lvov Zheliandinov Memorial"]
[Site "Lvov"]
[Date "2022.08.09"]
[Round "5"]
[White "Fishchuk, Vladyslav"]
[Black "Polishchuk, Oleg"]
[Result "1/2-1/2"]
[WhiteElo "2200"]
[BlackElo "2128"]
[PlyCount "109"]
[EventDate "2022.08.06"]
[EventType "tourn"]
[EventRounds "11"]
[EventCountry "UKR"]
[SourceTitle "CBM 209 Extra"]
[Source "ChessBase"]
[SourceDate "2022.09.30"]
[SourceVersion "1"]
[SourceVersionDate "2022.09.30"]
[SourceQuality "1"]

1. Nf3 d5 2. d4 c6 3. c4 e6 4. g3 Nf6 5. Bg2 Nbd7 6. 0-0 Bd6 7. Qc2 0-0 8. Nbd2 Qe7 9. Re1 e5 10. cxd5 Nxd5 11. e4 Nb4 12. Qb3 a5 13. Nc4 a4 14. Qc3 exd4 15. Nxd4 Bc5 16. Be3 Ne5 17. h3 Na6 18. a3 Ba7 19. Nf5 Bxf5 20. exf5 Nxc4 21. Bxa7 Qd7 22. Bd4 Nd6 23. Bxg7 Rfe8 24. g4 Nc7 25. Bh6 Rxe1+ 26. Rxe1 Nde8 27. Qc5 Qd6 28. Qe3 f6 29. g5 Ra5 30. Qe7 Rxf5 31. Qxd6 Nxd6 32. Re7 Nce8 33. Be4 Re5 34. Bxh7+ Kh8 35. Rxe5 fxe5 36. Bg6 Ng7 37. Bc2 b5 38. g6 Ngf5 39. Bf8 Kg8 40. g7 e4 41. h4 Nd4 42. Bxd6 Nxc2 43. Be5 e3 44. Kf1 c5 45. fxe3 Nxe3+ 46. Ke2 Nf5 47. Kd3 Nxh4 48. Ke4 b4 49. Kd5 Nf5 50. Kxc5 bxa3 51. bxa3 Nxg7 52. Kb5 Kf7 53. Bxg7 Ke8 54. Kb6 Kd7 55. Kb7 1/2-1/2

[Event "Lvov Zheliandinov Memorial"]
[Site "Lvov"]
[Date "2022.08.07"]
[Round "2"]
[White "Polishchuk, Oleg"]
[Black "Shevchuk, Dmytro1111"]
[Result "0-1"]
[WhiteElo "2128"]
[BlackElo "1799"]
[PlyCount "106"]
[EventDate "2022.08.06"]
[EventType "tourn"]
[EventRounds "11"]
[EventCountry "UKR"]
[SourceTitle "CBM 209 Extra"]
[Source "ChessBase"]
[SourceDate "2022.09.30"]
[SourceVersion "1"]
[SourceVersionDate "2022.09.30"]
[SourceQuality "1"]

1. c4 e5 2. Nc3 Bb4 3. g3 Nf6 4. Bg2 0-0 5. e4 Nc6 6. Nge2 a5 7. 0-0 d6 8. d3 Bc5 9. h3 Ne8 10. g4 Qh4 11. Be3 Bxe3 12. fxe3 h5 13. gxh5 Bxh3 14. Qe1 Qxh5 15. Qg3 Bg4 16. Bf3 Bxf3 17. Rxf3 Ne7 18. Kf2 Ng6 19. Rf5 Qh6 20. Rg1 Nh4 21. Nd5 Nxf5 22. exf5 f6 23. Qg6 Qh2+ 24. Rg2 Qh4+ 25. Rg3 Rf7 26. Ng1 c6 27. Nf3 Qh7 28. Qg4 Qh1 29. Rh3 Qc1 30. Qh5 Rd7 31. Qh7+ Kf8 32. Qh8+ Kf7 33. Nc3 Qxb2+ 34. Ne2 Ke7 35. Qg8 Kd8 36. Rh8 Kc7 37. Qe6 Rdd8 38. Rf8 Kb6 39. Rf7 Ka6 40. a4 Qa2 41. Qe7 Rab8 42. Ne1 Qxa4 43. Nc3 Qb4 44. Ne4 a4 45. Ke2 a3 46. Nc2 Qb2 47. Kd2 a2 48. c5 a1Q 49. cxd6 Qa5+ 50. Kd1 Qb1+ 51. Ke2 Qxc2+ 52. Kf3 Qd1+ 53. Kg2 Qg4+ 0-1

[Event "Chortkiv Stadnyk Memorial"]
[Site "Chortkiv"]
[Date "2020.12.11"]
[Round "10"]
[White "Polishchuk, Oleg"]
[Black "Yaniuk, Volodymyr"]
[Result "1-0"]
[WhiteElo "2155"]
[BlackElo "2233"]
[PlyCount "163"]
[EventDate "2020.12.07"]
[EventType "tourn"]
[EventRounds "10"]
[EventCountry "UKR"]
[SourceTitle "CBM 199 Extra"]
[Source "ChessBase"]
[SourceDate "2021.01.31"]
[SourceVersion "1"]
[SourceVersionDate "2021.01.31"]
[SourceQuality "1"]

1. d4 Nf6 2. c4 e6 3. Nf3 d5 4. Nc3 Bb4 5. Qa4+ Nc6 6. e3 0-0 7. Bd2 dxc4 8. Bxc4 a6 9. Be2 Bd7 10. Qc2 Bd6 11. a3 e5 12. dxe5 Nxe5 13. Nxe5 Bxe5 14. Bf3 c6 15. 0-0 Qe7 16. Na4 Bc7 17. Bb4 Qe5 18. g3 Rfe8 19. Nc5 Bf5 20. Qc3 a5 21. Qxe5 Rxe5 22. Nxb7 axb4 23. axb4 Rxa1 24. Rxa1 Bd7 25. Nc5 Be8 26. Ra8 Nd5 27. Nd7 Nb6 28. Nxb6 Bxb6 29. Bxc6 Kf8 30. b5 Re7 31. b4 f6 32. Kf1 Kf7 33. Ke2 Bd7 34. Kd3 Be6 35. Ra6 Bd8 36. b6 Bc8 37. Ra8 Bf5+ 38. e4 Bxe4+ 39. Bxe4 Bxb6 40. Bd5+ Kg6 41. f3 Bg1 42. h4 Kh6 43. Ra2 g6 44. b5 f5 45. Kc4 Kg7 46. Bc6 h5 47. Kd5 Re1 48. Rb2 Bb6 49. Kd6 Rg1 50. Bd5 Rxg3 51. Kc6 Bd4 52. Rb4 Be5 53. b6 Rh3 54. b7 Kf6 55. Kd7 Rh2 56. Rb6+ Kg7 57. b8Q Bxb8 58. Rxb8 Rxh4 59. Ke7 Ra4 60. Rg8+ Kh7 61. Kf6 h4 62. Rg7+ Kh6 63. Rxg6+ Kh7 64. Rg5 Kh6 65. Rg8 Kh7 66. Rg1 h3 67. Kxf5 h2 68. Rh1 Rh4 69. Kg5 Rh6 70. Be4+ Kg7 71. f4 Re6 72. Kf5 Rh6 73. Ke5 Kf7 74. f5 Ke7 75. Rb1 Ra6 76. Rb7+ Kf8 77. Rh7 Ra2 78. Bd5 Rd2 79. Kf6 Ke8 80. Ke6 Kf8 81. f6 Re2+ 82. Kd6 1-0

[Event "Lvov CC-ch Quarantine"]
[Site "Lvov"]
[Date "2020.06.28"]
[Round "8"]
[White "Polishchuk, Oleg"]
[Black "Openyshev, Volodymyr"]
[Result "1-0"]
[WhiteElo "2155"]
[BlackElo "1883"]
[PlyCount "33"]
[EventDate "2020.06.20"]
[EventType "tourn"]
[EventRounds "9"]
[EventCountry "UKR"]
[SourceTitle "CBM 197 Extra"]
[Source "ChessBase"]
[SourceDate "2020.09.30"]
[SourceVersion "1"]
[SourceVersionDate "2020.09.30"]
[SourceQuality "1"]

1. c4 e5 2. Nc3 Nf6 3. Nf3 Nc6 4. a3 Bc5 5. e3 a6 6. Be2 d6 7. 0-0 0-0 8. h3 Be6 9. d4 exd4 10. exd4 Bxc4 11. Bxc4 Bb6 12. Bg5 Re8 13. Nd5 Na5 14. Bxf6 gxf6 15. Bd3 c6 16. Nxb6 Qxb6 17. b4 1-0

[Event "Lutsk Nebesna Sotnya Memorial rap"]
[Site "Lutsk"]
[Date "2016.02.20"]
[Round "6"]
[White "Bortnyk, Mykola"]
[Black "Polishchuk, Oleg"]
[Result "1-0"]
[WhiteElo "2416"]
[BlackElo "2163"]
[PlyCount "131"]
[EventDate "2016.02.20"]
[EventType "swiss (rapid)"]
[EventRounds "11"]
[EventCountry "UKR"]
[SourceTitle "CBM 171 Extra"]
[Source "ChessBase"]
[SourceDate "2016.04.26"]
[SourceVersion "1"]
[SourceVersionDate "2016.04.26"]
[SourceQuality "1"]

1. e4 g6 2. d4 Bg7 3. Nc3 c6 4. Nf3 d5 5. h3 Nf6 6. e5 Ne4 7. Nxe4 dxe4 8. Ng5 c5 9. Bb5+ Nc6 10. Bxc6+ bxc6 11. dxc5 Qxd1+ 12. Kxd1 Bxe5 13. Nxe4 Bf5 14. f3 Bxe4 15. fxe4 Bd4 16. c3 Bxc5 17. Kc2 0-0 18. b4 Bd6 19. Be3 a5 20. a3 Rfb8 21. Kd3 f6 22. Kc4 Kf7 23. Rhb1 Ke6 24. Bd4 a4 25. b5 cxb5+ 26. Rxb5 Rc8+ 27. Kd3 h5 28. c4 Rc6 29. c5 Be5 30. Bxe5 Kxe5 31. Kc4 Rd8 32. Rb6 Rcc8 33. Rc1 Rd4+ 34. Kb5 Rxe4 35. c6 Re3 36. Ka6 Rxa3 37. Kb7 Rf8 38. c7 Ra2 39. c8Q Rxc8 40. Kxc8 Rxg2 41. Kd7 g5 42. Kxe7 f5 43. Rb4 Kd5 44. Rxa4 g4 45. Kf6 Rf2 46. Rd1+ Kc5 47. Ra5+ Kc4 48. Rxf5 Rh2 49. hxg4 hxg4 50. Rf4+ Kc5 51. Rxg4 Rf2+ 52. Ke5 Re2+ 53. Re4 Rh2 54. Rd5+ Kc6 55. Rc4+ Kb6 56. Rd1 Kb5 57. Rc8 Rh5+ 58. Kf4 Ka6 59. Rb8 Ka7 60. Rb2 Ra5 61. Ke3 Ra3+ 62. Rd3 Ra6 63. Kd2 Ra1 64. Kc2 Ra5 65. Kb1 Ka8 66. Ra2 1-0

[Event "Lvov Winter Cup"]
[Site "Lvov"]
[Date "2016.02.07"]
[Round "7"]
[White "Lornye, Pylyp"]
[Black "Polishchuk, Oleg"]
[Result "1-0"]
[WhiteElo "2219"]
[BlackElo "2163"]
[PlyCount "65"]
[EventDate "2016.02.05"]
[EventType "swiss"]
[EventRounds "7"]
[EventCountry "UKR"]
[SourceTitle "EXT 2017"]
[Source "ChessBase"]
[SourceDate "2016.10.25"]
[SourceVersion "1"]
[SourceVersionDate "2016.10.25"]
[SourceQuality "1"]

1. Nf3 d5 2. g3 c6 3. Bg2 Bg4 4. 0-0 Nd7 5. c4 e6 6. cxd5 exd5 7. d3 Ngf6 8. Qc2 Bd6 9. Nc3 0-0 10. e4 Rc8 11. Re1 Re8 12. Be3 Bb8 13. Nh4 Nb6 14. Bc5 Nbd7 15. Ba3 a5 16. exd5 cxd5 17. Qb3 d4 18. Nd5 Be6 19. Qxb7 Nxd5 20. Bxd5 Nc5 21. Bxc5 Bxd5 22. Rxe8+ Qxe8 23. Qxd5 Qb5 24. Rc1 Ba7 25. Nf5 Qxb2 26. Rc4 Re8 27. Ne7+ Kh8 28. Bxa7 Qb1+ 29. Kg2 Qxd3 30. Rxd4 Qa6 31. Qc6 Qxc6+ 32. Nxc6 g5 33. Rd8 1-0

[Event "Lvov Winter Cup"]
[Site "Lvov"]
[Date "2016.02.06"]
[Round "5"]
[White "Badik, Maksym"]
[Black "Polishchuk, Oleg"]
[Result "0-1"]
[WhiteElo "1903"]
[BlackElo "2163"]
[PlyCount "124"]
[EventDate "2016.02.05"]
[EventType "swiss"]
[EventRounds "7"]
[EventCountry "UKR"]
[SourceTitle "EXT 2017"]
[Source "ChessBase"]
[SourceDate "2016.10.25"]
[SourceVersion "1"]
[SourceVersionDate "2016.10.25"]
[SourceQuality "1"]

1. e4 g6 2. d4 Bg7 3. Nc3 c6 4. Nf3 d5 5. Bf4 Bg4 6. exd5 cxd5 7. Nb5 Na6 8. c3 Bxf3 9. Qxf3 Nf6 10. g4 0-0 11. Bd3 Qd7 12. g5 Ne4 13. h4 Rfe8 14. Qh3 Qc6 15. f3 e5 16. dxe5 Nec5 17. Be2 Bxe5 18. Bxe5 Rxe5 19. Nd4 Nd3+ 20. Kf1 Qc4 21. f4 Rxe2 22. Nxe2 Nxf4 23. Qe3 Ne6 24. b3 Qg4 25. Rh3 Qf5+ 26. Rf3 Qc2 27. Qd3 Qb2 28. Qb1 Qa3 29. b4 Qa4 30. Qd3 Rd8 31. Nf4 Nac7 32. Qd1 Qa3 33. Nxe6 Nxe6 34. Qe2 d4 35. Rd1 Qa4 36. Rc1 Re8 37. Qc4 Qd7 38. Rd1 b5 39. Qb3 Qe7 40. Re1 Qd6 41. cxd4 Qxd4 42. Qd3 Qxh4 43. Rg3 Qxb4 44. Qe4 Qc5 45. Qe3 Qc4+ 46. Qe2 Qh4 47. Qg4 Qh1+ 48. Kf2 Qd5 49. Qe2 Rd8 50. a3 Nxg5 51. Qe7 Ne6 52. Qxa7 Qh5 53. Qe3 Rd4 54. Rf3 Qh2+ 55. Kf1 Rd2 56. Qg1 Qh4 57. Rf2 Rd3 58. Qh2 Qc4 59. Ree2 Rd1+ 60. Kg2 Qg4+ 61. Qg3 Rg1+ 62. Kxg1 Qxg3+ 0-1

[Event "Ternopol Kaplun Memorial"]
[Site "Ternopol"]
[Date "2014.12.21"]
[Round "9"]
[White "Polishchuk, Oleg"]
[Black "Khabinets, Ivan"]
[Result "1/2-1/2"]
[WhiteElo "2210"]
[BlackElo "2133"]
[PlyCount "31"]
[EventDate "2014.12.17"]
[EventType "tourn"]
[EventRounds "9"]
[EventCountry "UKR"]
[EventCategory "2"]
[SourceTitle "CBM 164 Extra"]
[Source "ChessBase"]
[SourceDate "2015.03.02"]
[SourceVersion "1"]
[SourceVersionDate "2015.03.02"]
[SourceQuality "1"]

1. Nf3 Nf6 2. c4 d6 3. d4 g6 4. Nc3 Bg7 5. e4 0-0 6. Be3 Nbd7 7. Nd2 e5 8. d5 Nh5 9. g3 b6 10. Be2 Nhf6 11. h4 a5 12. a3 Nc5 13. b4 Nb7 14. Nb3 Bd7 15. h5 axb4 16. axb4 1/2-1/2

[Event "Ternopol Kaplun Memorial"]
[Site "Ternopol"]
[Date "2014.12.20"]
[Round "7"]
[White "Polishchuk, Oleg"]
[Black "Koziak, Vitali"]
[Result "1/2-1/2"]
[WhiteElo "2210"]
[BlackElo "2455"]
[PlyCount "27"]
[EventDate "2014.12.17"]
[EventType "tourn"]
[EventRounds "9"]
[EventCountry "UKR"]
[EventCategory "2"]
[SourceTitle "CBM 164 Extra"]
[Source "ChessBase"]
[SourceDate "2015.03.02"]
[SourceVersion "1"]
[SourceVersionDate "2015.03.02"]
[SourceQuality "1"]

1. d4 d5 2. Nf3 Nf6 3. Bf4 c5 4. c3 e6 5. e3 Nc6 6. Nbd2 Bd6 7. Bxd6 Qxd6 8. Bb5 0-0 9. 0-0 Bd7 10. Bxc6 Bxc6 11. Ne5 Nd7 12. Nxd7 Bxd7 13. f4 f6 14. Qh5 1/2-1/2

[Event "Ternopol Kaplun Memorial"]
[Site "Ternopol"]
[Date "2014.12.20"]
[Round "6"]
[White "Terletsky, Oleg"]
[Black "Polishchuk, Oleg"]
[Result "0-1"]
[WhiteElo "2307"]
[BlackElo "2210"]
[PlyCount "76"]
[EventDate "2014.12.17"]
[EventType "tourn"]
[EventRounds "9"]
[EventCountry "UKR"]
[EventCategory "2"]
[SourceTitle "CBM 164 Extra"]
[Source "ChessBase"]
[SourceDate "2015.03.02"]
[SourceVersion "1"]
[SourceVersionDate "2015.03.02"]
[SourceQuality "1"]

1. e4 e5 2. Nf3 Nc6 3. Nc3 Bc5 4. Bc4 d6 5. Na4 Nf6 6. Nxc5 dxc5 7. d3 a6 8. a3 Bg4 9. h3 Bh5 10. g4 Bg6 11. Bg5 Qd6 12. Qd2 h6 13. Bh4 0-0-0 14. 0-0-0 Rde8 15. Bg3 Nd7 16. Bd5 f6 17. Nh4 Bh7 18. Nf5 Bxf5 19. gxf5 Nb6 20. Be6+ Kb8 21. f4 g5 22. fxe5 Nxe5 23. d4 cxd4 24. Qxd4 Qxd4 25. Rxd4 Nc6 26. Rd3 Nd8 27. Rb3 Nxe6 28. Rxb6 Nc5 29. Bh2 Nxe4 30. Re1 Kc8 31. Rb4 Nd6 32. Rd1 Nxf5 33. Rf1 Ne3 34. Rxf6 Nd5 35. Rf7 Rhf8 36. Rxf8 Rxf8 37. Rg4 Rf1+ 38. Kd2 Rf2+ 0-1

[Event "Lutsk Nebesna Sotnya Memorial"]
[Site "Lutsk"]
[Date "2014.07.27"]
[Round "9"]
[White "Mazurchak, Bogdan"]
[Black "Polishchuk, Oleg"]
[Result "1-0"]
[WhiteElo "2245"]
[BlackElo "2251"]
[PlyCount "73"]
[EventDate "2014.07.26"]
[EventType "swiss"]
[EventRounds "11"]
[EventCountry "UKR"]
[SourceTitle "CBM 161 Extra"]
[Source "ChessBase"]
[SourceDate "2014.08.29"]
[SourceVersion "1"]
[SourceVersionDate "2014.08.29"]
[SourceQuality "1"]

1. e4 g6 2. d4 Bg7 3. Nc3 d6 4. g3 Nc6 5. Be3 e5 6. dxe5 Nxe5 7. Qd2 Be6 8. f4 Nc4 9. Bxc4 Bxc4 10. Bd4 Nf6 11. 0-0-0 0-0 12. Nf3 a5 13. h3 b5 14. b3 b4 15. bxc4 bxc3 16. Qd3 Re8 17. Rhe1 Qd7 18. Qxc3 Nh5 19. Bxg7 Nxg7 20. g4 Ne6 21. f5 Nc5 22. fxg6 hxg6 23. e5 Qa4 24. exd6 cxd6 25. a3 Rab8 26. Rxe8+ Rxe8 27. Ng5 Qd7 28. Qf6 Qe7 29. Qxe7 Rxe7 30. Rxd6 Re3 31. Rd5 Nb7 32. Rd7 Nc5 33. Rd8+ Kg7 34. Rd5 Nb7 35. Rd7 Nc5 36. Rxf7+ Kh6 37. h4 1-0

[Event "Mukachevo Summer op"]
[Site "Mukachevo"]
[Date "2013.06.27"]
[Round "4"]
[White "Bernadskiy, Vitaliy"]
[Black "Polishchuk, Oleg"]
[Result "1-0"]
[WhiteElo "2475"]
[BlackElo "2269"]
[PlyCount "123"]
[EventDate "2013.06.25"]
[EventType "swiss"]
[EventRounds "9"]
[EventCountry "UKR"]
[SourceTitle "CBM 155 Extra"]
[Source "ChessBase"]
[SourceDate "2013.08.26"]
[SourceVersion "1"]
[SourceVersionDate "2013.08.26"]
[SourceQuality "1"]

1. Nf3 d5 2. g3 c6 3. Bg2 Bg4 4. 0-0 e6 5. b3 Nd7 6. Bb2 Ngf6 7. d3 Bc5 8. c4 0-0 9. Qc2 Bh5 10. e4 dxe4 11. dxe4 Bxf3 12. Bxf3 e5 13. Nc3 Bd4 14. Rad1 Qe7 15. Bc1 Rfe8 16. Ne2 Bb6 17. Bb2 a5 18. Bc3 Bc5 19. a4 Nf8 20. Bg2 Qc7 21. h4 Ng4 22. Bh3 h5 23. Nc1 Ne6 24. Bxg4 hxg4 25. Qe2 Bd4 26. Bd2 Nc5 27. Qxg4 Re6 28. Bg5 Qb6 29. Ne2 Qxb3 30. Nxd4 exd4 31. e5 Qc2 32. Rxd4 Rae8 33. f4 f5 34. Qd1 Qxa4 35. Qxa4 Nxa4 36. Kg2 Nc5 37. Bd8 a4 38. Rf3 Rg6 39. Bb6 Ne4 40. c5 Ra8 41. Ra3 Kf7 42. h5 Rg4 43. Rxe4 fxe4 44. Kh3 Rxf4 45. gxf4 Ke6 46. Kg4 Kd5 47. f5 Kxe5 48. Bc7+ Kd4 49. Kf4 Kxc5 50. Be5 b5 51. Bxg7 b4 52. Rh3 e3 53. Rxe3 b3 54. h6 Kb4 55. h7 a3 56. h8Q Rxh8 57. Bxh8 b2 58. Re8 c5 59. Rb8+ Ka4 60. Bxb2 axb2 61. f6 c4 62. f7 1-0

[Event "Mukachevo Summer op"]
[Site "Mukachevo"]
[Date "2013.06.26"]
[Round "3"]
[White "Nosenko, Alexander"]
[Black "Polishchuk, Oleg"]
[Result "0-1"]
[WhiteElo "2498"]
[BlackElo "2269"]
[PlyCount "116"]
[EventDate "2013.06.25"]
[EventType "swiss"]
[EventRounds "9"]
[EventCountry "UKR"]
[SourceTitle "CBM 155 Extra"]
[Source "ChessBase"]
[SourceDate "2013.08.26"]
[SourceVersion "1"]
[SourceVersionDate "2013.08.26"]
[SourceQuality "1"]

1. d4 d5 2. Bf4 c6 3. e3 Bf5 4. c4 e6 5. Nc3 Nf6 6. Qb3 b6 7. Nf3 Be7 8. Qa4 0-0 9. Bxb8 Qxb8 10. cxd5 b5 11. Qb3 b4 12. Na4 cxd5 13. Bd3 Bxd3 14. Qxd3 Rc8 15. 0-0 Qc7 16. Rfd1 Ne4 17. Nd2 Nxd2 18. Qxd2 Qa5 19. b3 Rc7 20. Rac1 Rac8 21. g3 h5 22. h4 g6 23. Rxc7 Qxc7 24. Nb2 Qc2 25. Nd3 a5 26. Kf1 a4 27. bxa4 Qxa4 28. Rc1 Rc4 29. Kg2 Qa3 30. Rc2 Bd6 31. Nc1 Qa8 32. Nb3 e5 33. Kg1 Qc8 34. Rb2 Qg4 35. Qe2 Qe4 36. Qf1 exd4 37. Nd2 Qe6 38. Nxc4 dxc4 39. exd4 Qd5 40. Qd1 c3 41. Re2 Kg7 42. Qd3 Bc5 43. f3 Bxd4+ 44. Kg2 Qc5 45. Qc2 Bf6 46. Re1 Bd8 47. Rd1 Bb6 48. Qe2 Qe3 49. Qc2 Bc5 50. Rf1 f5 51. Rd1 Kh6 52. Qc1 f4 53. Qc2 fxg3 54. Kxg3 Qe5+ 55. Kg2 Qf4 56. Rd8 Be7 57. Rh8+ Kg7 58. Rc8 Qd2+ 0-1

[Event "Mukachevo Summer op"]
[Site "Mukachevo"]
[Date "2012.06.27"]
[Round "2"]
[White "Polishchuk, Oleg"]
[Black "Koziak, Vitali"]
[Result "1/2-1/2"]
[WhiteElo "2238"]
[BlackElo "2515"]
[PlyCount "86"]
[EventDate "2012.06.26"]
[EventType "swiss"]
[EventRounds "9"]
[EventCountry "UKR"]
[SourceTitle "CBM 149 Extra"]
[Source "ChessBase"]
[SourceDate "2012.08.24"]
[SourceVersion "1"]
[SourceVersionDate "2012.08.24"]
[SourceQuality "1"]

1. c4 c5 2. Nc3 Nc6 3. g3 g6 4. Bg2 Bg7 5. a3 Nf6 6. Rb1 a5 7. Nf3 d5 8. cxd5 Nxd5 9. Nxd5 Qxd5 10. 0-0 0-0 11. d3 b6 12. Ne5 Qxe5 13. Bxc6 Ra7 14. Bf4 Qe6 15. Bf3 Bb7 16. Bxb7 Rxb7 17. b4 axb4 18. axb4 c4 19. dxc4 Qxc4 20. b5 Ra8 21. Qc1 Qxc1 22. Rfxc1 Bd4 23. Kg2 Ra2 24. Kf3 Bc5 25. Rc3 Rba7 26. Rbb3 f6 27. Be3 Bxe3 28. Kxe3 Rd7 29. Rc6 Rb7 30. f4 h5 31. h3 Kf7 32. g4 hxg4 33. hxg4 Ra4 34. Kf3 Rd4 35. Rb1 Rd5 36. e3 Rd2 37. g5 fxg5 38. Rg1 gxf4 39. exf4 Rd3+ 40. Ke4 Rb3 41. Rg5 Rb4+ 42. Kf3 Ra7 43. Rcxg6 Rxb5 1/2-1/2

[Event "Lvov Euro op 1st"]
[Site "Lvov"]
[Date "2012.06.01"]
[Round "8"]
[White "Babiy, Olga"]
[Black "Polishchuk, Oleg"]
[Result "1-0"]
[WhiteElo "2297"]
[BlackElo "2238"]
[PlyCount "109"]
[EventDate "2012.05.28"]
[EventType "swiss"]
[EventRounds "9"]
[EventCountry "UKR"]
[SourceTitle "CBM 148 Extra"]
[Source "ChessBase"]
[SourceDate "2012.06.22"]
[SourceVersion "1"]
[SourceVersionDate "2012.06.22"]
[SourceQuality "1"]

1. e4 g6 2. Nc3 Bg7 3. Bc4 c5 4. Nge2 Nc6 5. d3 e6 6. Be3 Nd4 7. Bxd4 cxd4 8. Nb1 Ne7 9. Nd2 0-0 10. Nf3 e5 11. Bb3 d5 12. Ng3 dxe4 13. Nxe4 h6 14. Qd2 a5 15. a4 Bg4 16. h3 Bxf3 17. gxf3 Nd5 18. 0-0-0 Nf4 19. Ng3 b5 20. axb5 a4 21. Bc4 a3 22. bxa3 Rxa3 23. Kb2 Qe7 24. Ra1 Rfa8 25. Bb3 Bf8 26. c4 dxc3+ 27. Qxc3 Qa7 28. Rxa3 Qxf2+ 29. Kb1 Rxa3 30. Ne4 Qxf3 31. Rg1 Nxd3 32. Rxg6+ Kh7 33. Rg3 Qxe4 34. Rxd3 Qh1+ 35. Kb2 Ra1 36. Rd1 Rxd1 37. Qc2+ e4 38. Qxd1 Qxh3 39. Qd5 Qg2+ 40. Bc2 Bg7+ 41. Kb3 Qf3+ 42. Ka4 f5 43. Bb3 h5 44. b6 Qf4 45. b7 e3+ 46. Bc4 Be5 47. Kb5 Kh6 48. Qf7 Kg5 49. Be2 Qh2 50. Qe7+ Bf6 51. Qxe3+ Kg6 52. Qe8+ Kg5 53. b8Q Qh3 54. Qg8+ Kh4 55. Qf4+ 1-0

[Event "Lvov Euro op 1st"]
[Site "Lvov"]
[Date "2012.05.30"]
[Round "4"]
[White "Polishchuk, Oleg"]
[Black "Rastropin, Yuriy"]
[Result "1-0"]
[WhiteElo "2238"]
[BlackElo "1791"]
[PlyCount "55"]
[EventDate "2012.05.28"]
[EventType "swiss"]
[EventRounds "9"]
[EventCountry "UKR"]
[SourceTitle "CBM 148 Extra"]
[Source "ChessBase"]
[SourceDate "2012.06.22"]
[SourceVersion "1"]
[SourceVersionDate "2012.06.22"]
[SourceQuality "1"]

1. d4 d5 2. Nf3 Nf6 3. Bf4 e6 4. e3 Bd6 5. Ne5 0-0 6. Nd2 c5 7. c3 Nc6 8. Bd3 Qc7 9. Ndf3 h6 10. h3 Nd7 11. Nxc6 Qxc6 12. Bxd6 Qxd6 13. 0-0 e5 14. Bc2 b6 15. dxe5 Nxe5 16. e4 Bb7 17. Nxe5 Qxe5 18. f4 Qe6 19. e5 Ba6 20. Re1 Rad8 21. f5 Qc6 22. Qg4 Qc8 23. Re3 Kh8 24. Rg3 Rg8 25. Qh5 d4 26. f6 Qc6 27. Rxg7 Rxg7 28. Qxh6+ 1-0

[Event "Yuzhny op"]
[Site "Yuzhny"]
[Date "2011.09.08"]
[Round "9"]
[White "Fish, Alexander"]
[Black "Polishchuk, Oleg"]
[Result "0-1"]
[WhiteElo "2098"]
[BlackElo "2173"]
[PlyCount "60"]
[EventDate "2011.09.03"]
[EventType "swiss"]
[EventRounds "9"]
[EventCountry "UKR"]
[SourceTitle "CBM 144 Extra"]
[Source "ChessBase"]
[SourceDate "2011.10.28"]
[SourceVersion "1"]
[SourceVersionDate "2011.10.28"]
[SourceQuality "1"]

1. d4 g6 2. e4 Bg7 3. Nc3 c6 4. Bc4 e6 5. e5 d5 6. exd6 Qxd6 7. Nf3 Nf6 8. 0-0 0-0 9. Ne2 Nbd7 10. Bf4 Qb4 11. Bb3 Qb6 12. c3 c5 13. Qc1 a5 14. Ba4 Qa6 15. c4 cxd4 16. Nexd4 Nc5 17. Bb5 Qb6 18. Qc2 Bd7 19. Rac1 Ng4 20. Bxd7 Nxd7 21. c5 Qa6 22. Bd6 Rfc8 23. Qa4 Nge5 24. Nxe5 Nxe5 25. Rfd1 Nd3 26. Rc2 Nb4 27. Rcd2 Nd5 28. a3 h5 29. Qc2 Bxd4 30. Rxd4 Qxd6 0-1

[Event "Shepetivka op"]
[Site "Shepetivka"]
[Date "2011.08.19"]
[Round "5"]
[White "Zazuliak, Andriy"]
[Black "Polishchuk, Oleg"]
[Result "0-1"]
[WhiteElo "2189"]
[BlackElo "2215"]
[PlyCount "134"]
[EventDate "2011.08.17"]
[EventType "swiss"]
[EventRounds "9"]
[EventCountry "UKR"]
[SourceTitle "EXT 2012"]
[Source "ChessBase"]
[SourceDate "2011.11.24"]
[SourceVersion "1"]
[SourceVersionDate "2011.11.24"]
[SourceQuality "1"]

1. d4 d5 2. c4 e6 3. Nc3 c6 4. e3 f5 5. Nf3 Nf6 6. Qc2 Bd6 7. Bd3 Ne4 8. 0-0 Nd7 9. b3 0-0 10. Bb2 Qf6 11. Ne1 Qh6 12. g3 Ndf6 13. f4 Ng4 14. Qe2 Qh3 15. Qg2 Qxg2+ 16. Nxg2 Nd2 17. Rfd1 Nf3+ 18. Kf1 Nfxh2+ 19. Ke2 Nf6 20. c5 Bc7 21. b4 a6 22. a4 Bd7 23. Rh1 Nhg4 24. b5 axb5 25. axb5 cxb5 26. Bxb5 Bc6 27. Rhb1 Ba5 28. Bd3 Ne4 29. Bxe4 fxe4 30. Ne1 Bxc3 31. Bxc3 Rxa1 32. Rxa1 Rf5 33. Ng2 Rh5 34. Ra8+ Kf7 35. Nh4 h6 36. f5 exf5 37. Ba5 Bb5+ 38. Kd2 Nh2 39. Rb8 Ba6 40. c6 bxc6 41. Ra8 Nf1+ 42. Kc3 Nxg3 43. Ra7+ Ke6 44. Ng6 Ne2+ 45. Kb4 f4 46. Rxa6 fxe3 47. Rxc6+ Kf5 48. Kc5 Nf4 49. Nxf4 Kxf4 50. Rd6 e2 51. Rxd5 Rh1 52. Rd7 g5 53. d5 e1Q 54. Bxe1 Rxe1 55. d6 Rd1 56. Rf7+ Kg3 57. Re7 Kf3 58. Rf7+ Ke2 59. Rf6 e3 60. Rxh6 g4 61. Rg6 Kf3 62. Rf6+ Ke4 63. Re6+ Kf4 64. Rf6+ Ke5 65. Rf8 Rd5+ 66. Kc4 Rxd6 67. Re8+ Kf4 0-1